Kraje Europy Bez mapy - Statystyki

Ogólne statystyki
  • Ten quiz został rozwiązany 1 271 razy
  • Średni wynik to 38 z 45
Statystyki odpowiedzi
Odpowiedź % Poprawnych
Polska
98%
Hiszpania
93%
Niemcy
92%
Rosja
92%
Francja
91%
Litwa
91%
Norwegia
91%
Portugalia
91%
Czechy
90%
Łotwa
90%
Szwecja
90%
Estonia
89%
Słowacja
89%
Ukraina
89%
Białoruś
88%
Finlandia
88%
Belgia
87%
Słowenia
86%
Wielka Brytania
86%
Albania
84%
Andora
84%
Holandia
84%
Włochy
84%
Chorwacja
83%
Grecja
83%
Watykan
83%
Austria
82%
Bośnia i Hercegowina
82%
Irlandia
82%
Islandia
82%
Szwajcaria
81%
Bułgaria
80%
Czarnogóra
80%
Dania
80%
Luksemburg
80%
Węgry
80%
Rumunia
79%
San Marino
79%
Kosowo
78%
Liechtenstein
77%
Mołdawia
77%
Serbia
77%
Macedonia Północna
76%
Monako
76%
Malta
72%
Nie znaleziono quizów pasujących do podanych kryteriów
Rozkład punktacji
Procent ludzi z każdym wynikiem
Percentyl według liczby udzielonych odpowiedzi
Twoja historia wyników
Nie rozwiązałeś tego quizu